• 首页
  • 本馆介绍
  • 公告通知
  • 最新文献
  • 馆藏检索
  • 电子资源
  • 读者导购
  • 参考咨询
  • 我的图书馆
  • 登录
  • 详细信息显示
  • 放入我的书架
  • 预约/预借图书
  • 作者相关作品
  • 分类相关作品
  • 丛书相关作品
  • 出版社相关作品

书目信息

  • 表格格式
  • 工作单格式
  • 卡片格式
题名:
竹内好的悖论
    
 
作者: 孙歌 著
分册:  
出版信息: 北京   北京大学出版社  2005
页数: 220页
开本: 23cm
丛书名: 思想史丛书
单 册:
中图分类: B313.5
科图分类:
主题词: 哲学思想--思想评论--日本--现代 , 哲学思想 , 思想评论
电子资源:
ISBN: 7-301-08397-1
000 00927oam2 2200313 450
001 012007415964
001 012007414072
005 20070517110024.64
010    @a7-301-08397-1@dCNY17.00
100    @a20070509d2005 km y0chiy0120 ea
101 0  @achi
102    @aCN@b110000
105    @ay z 000yy
106    @ar
200 1  @a竹内好的悖论@Azhu nei hao de bei lun@f孙歌著@Fsun ge zhu
210    @a北京@c北京大学出版社@d2005
215    @a220页@d23cm
225 2  @a思想史丛书
330    @a本书分为:遭遇鲁迅、探寻现代文化政治、战争与历史、缠绕在一起的历史与现在、寻找“近代”共五章,收入文章12篇。
461  0 @12001 @a思想史丛书
600  0 @a竹内好@f1910~1977@x思想评论
600  0 @a竹内好@f1910~1977
606 0  @a哲学思想@x思想评论@y日本@z现代
606 0  @a哲学思想
606 0  @a思想评论
690    @aB313.5@v4
701  0 @a孙歌@Asun ge@4著
801  0 @aCN@bRULIN@c20070517
905    @dB313.5@e13@s8
    
    竹内好的悖论/孙歌著.-北京:北京大学出版社,2005
    220页;23cm.-(思想史丛书)
    
    
    ISBN 7-301-08397-1:CNY17.00
    本书分为:遭遇鲁迅、探寻现代文化政治、战争与历史、缠绕在一起的历史与现在、寻找“近代”共五章,收入文章12篇。
●
相关链接 在E读中查询图书 在五车中查询图书 在当当中查询图书 在豆瓣中查询图书


正题名:竹内好的悖论     索取号:B313.5/13         预约/预借

序号 登录号 条形码 馆藏地/架位号 状态 备注
1 0578869   205788691   第一样本阅览室/ [索取号:B313.5/13] 在馆    
2 0578870   205788708   第一借阅区/ [索取号:B313.5/13] 在馆    
3 0578871   205788717   第一借阅区/ [索取号:B313.5/13] 在馆    
4 0578872   205788726   第一借阅区/ [索取号:B313.5/13] 在馆    
5 0578873   205788735   第一借阅区/ [索取号:B313.5/13] 在馆    
6 0578874   205788744   教育系资料室/ [索取号:B313.5/13] 在馆    
7 0578875   205788753   教育系资料室/ [索取号:B313.5/13] 在馆    
8 0578876   205788762   教育系资料室/ [索取号:B313.5/13] 在馆    
唐山师范学院图书馆 欢迎您!
大连网信软件有限公司© 版权所有